000 00660nam a2200205Ia 4500
003 GCL
008 140319s9999 xx 000 0 ara d
040 _aGCL /
_cGCL
082 0 4 _a910.03
_bف د
100 1 _aفتحى محمد ابوعيانة
245 1 0 _aدراسات فى الجغرافيا البشرية /
_cفتحى محمد ابوعيانة
260 _a[S.N] :
_bدار المعرفة الجامعية ،
_c1995
300 _a510 ص
490 _a
650 0 4 _aالجغرافيا الاقتصادية
650 0 4 _aالسكان
650 0 4 _aالبيئة والانسان
650 0 4 _aالجغرافيا البشرية
942 _2ddc
_cBK
999 _c34341
_d34341